| 000 | 00869nam a22002297a 4500 | ||
|---|---|---|---|
| 999 |
_c164881 _d164881 |
||
| 005 | 20190802123150.0 | ||
| 010 | _aB-728342 | ||
| 020 |
_a9780199476299 _c850.00 |
||
| 035 | _aB-728342 | ||
| 037 | _bRK Books | ||
| 082 | _a621.3815 | ||
| 100 | _aSedra, Adel S. | ||
| 245 |
_aMicroelectronics circuits: theory and applications / _cby Adel S. Sedra [and] Kenneth C. Smith |
||
| 250 | _a7th ed | ||
| 260 |
_aNew Delhi _bOxford University Press _c2018 |
||
| 270 |
_aGround Floor, 2/11, Ansari Road, Daryaganj _bNew Delhi _e110002 |
||
| 300 | x |
_axxiii.1297p: _c24cm(pbk) _bill. |
|
| 500 | _aincludes appendices and index | ||
| 700 | _aSmith, Kenneth C. | ||
| 942 |
_2ddc _cEN _h621.3815 _mSED |
||